000 00170nam a2200085 4500
001 1258994
005 20260410111158.0
245 _a22-11-63
_cSTEPHAN KİNG
260 _bALTIN
999 _c1258994
_d1258994